[Event "ch-ISR 2014"]
[Site "Beer-Sheva ISR"]
[Date "2014.06.25"]
[Round "8.6"]
[White "Kantsler, Boris"]
[Black "Arlinsky, Uriel"]
[Result "1-0"]
[WhiteTitle "GM"]
[BlackTitle "FM"]
[WhiteElo "2420"]
[BlackElo "2314"]
[WhiteFideId "2805359"]
[BlackFideId "2809575"]
[EventDate "2014.05.17"]

1. d4 Nf6 2. c4 e6 3. Nf3 b6 4. e3 Bb7 5. Bd3 d5 6. cxd5 exd5 7. O-O Nbd7 8. Nc3
Bd6 9. b3 a6 10. Bb2 O-O 11. Rc1 Re8 12. Rc2 Ne4 13. Ne2 Rc8 14. Ng3 Nxg3 15.
hxg3 Nf6 16. Qe2 Ra8 17. Rfc1 Ne4 18. Ne5 f6 19. Bxe4 fxe5 20. dxe5 c5 21. Bxd5+
Bxd5 22. exd6 Qxd6 23. Rd2 Qe6 24. Rcd1 Bc6 25. Rd6 Qe4 26. f3 Bb5 27. fxe4 Bxe2
28. Re1 Bh5 29. Rxb6 Rxe4 30. Rc6 Re7 31. Rxc5 Bg6 32. Bd4 Be4 33. Rec1 Rae8 34.
Rc7 Kf7 35. R7c5 Kg8 36. Rf1 h6 37. b4 Re6 38. Rf4 Bc6 39. a3 Bb5 40. Kh2 R8e7
41. Rff5 Rb7 42. g4 Rg6 43. g5 Re6 44. gxh6 Rxh6+ 45. Kg3 Re6 46. Rc8+ Kh7 47.
Rh5+ Kg6 48. Rcc5 Kf7 49. Rce5 Rd6 50. Rhg5 Kg8 51. Re4 Rf7 52. Reg4 Rdd7 53.
Rg6 Bd3 54. Rb6 Rf5 55. a4 Be2 56. Rb8+ Kh7 57. Rh4+ Kg6 58. Rb6+ Kg5 59. Rh7
Rff7 60. Rh8 Rde7 61. Rhb8 Kf5 62. b5 axb5 63. axb5 Ke4 64. Rg6 Kf5 65. Rc6 Ke4
66. b6 Ba6 67. Rg6 Bb7 68. Rd8 Rd7 69. Rxd7 Rxd7 70. Rxg7 Rxg7+ 71. Bxg7 Kxe3
72. Kh3 Kf4 73. g4 1-0

[Event "ch-ISR 2014"]
[Site "Beer-Sheva ISR"]
[Date "2014.06.25"]
[Round "8.7"]
[White "Kantarji, Pinchas"]
[Black "Nakar, Eylon"]
[Result "1-0"]
[WhiteTitle "FM"]
[BlackTitle "IM"]
[WhiteElo "2417"]
[BlackElo "2442"]
[WhiteFideId "2803712"]
[BlackFideId "2811111"]
[EventDate "2014.05.17"]

1. Nf3 Nf6 2. c4 g6 3. g3 Bg7 4. Bg2 O-O 5. O-O d6 6. Nc3 Nc6 7. d3 h6 8. Rb1 a5
9. a3 e5 10. b4 axb4 11. axb4 Be6 12. b5 Ne7 13. Bb2 Qd7 14. Ra1 Bh3 15. Ra4 Nh5
16. Qa1 Rab8 17. Bxh3 Qxh3 18. Kh1 Nf6 19. Rg1 Qe6 20. Nd2 Nd7 21. Qf1 Nb6 22.
Ra1 c6 23. Qg2 d5 24. cxd5 cxd5 25. Rgc1 Rfc8 26. Nd1 Qd7 27. Ba3 Rxc1 28. Rxc1
Nf5 29. Rb1 Ra8 30. Bb2 Qxb5 31. Bxe5 Qxb1 32. Nxb1 Bxe5 33. e4 dxe4 34. Qxe4
Ra1 35. d4 Bf6 36. Kg2 Nxd4 37. Nbc3 Nc6 38. Qf3 Bd4 39. Nb5 Be5 40. Qd3 Na4 41.
Ne3 Nc5 42. Qd5 Ne6 43. Ng4 Bg7 44. Qd7 Ned8 45. Qe8+ Kh7 46. Nd6 f5 47. Qd7 Kg8
48. Ne8 Nf7 49. Nef6+ Bxf6 50. Nxf6+ Kg7 51. Ne8+ Kf8 52. Nc7 Ncd8 53. Qe8+ Kg7
54. Qe7 Rd1 55. Ne8+ Kg8 56. Qe2 Rb1 57. Qd2 Kf8 58. Nf6 b5 59. Nd5 Ra1 60. Qb4+
Kg8 61. Qxb5 Re1 62. Nf4 g5 63. Nd3 Re6 64. Qxf5 Kg7 65. Qb5 Rf6 66. Qb2 Kg6 67.
Nc5 Rc6 68. Qd4 Kh7 69. Ne4 Re6 70. Nf6+ Kg6 71. Ng4 Rd6 72. Qe4+ Kg7 73. Ne3
Re6 74. Qd4+ Kg6 75. Qd3+ Kf6 76. g4 Nc6 77. Qf5+ Ke7 78. Nd5+ Kd6 79. Nc7 Re7
80. Nb5# 1-0

[Event "ch-ISR 2014"]
[Site "Beer-Sheva ISR"]
[Date "2014.06.25"]
[Round "8.8"]
[White "Steinberg, Nitzan"]
[Black "Zanan, Evgeny"]
[Result "1/2-1/2"]
[WhiteTitle "IM"]
[BlackTitle "FM"]
[WhiteElo "2416"]
[BlackElo "2257"]
[WhiteFideId "2801795"]
[BlackFideId "24101940"]
[EventDate "2014.05.17"]

1. e4 c5 2. Nf3 d6 3. d4 cxd4 4. Nxd4 Nf6 5. Nc3 a6 6. Be3 e5 7. Nb3 Be6 8. f4
exf4 9. Bxf4 Nc6 10. Qe2 Rc8 11. h3 Nb4 12. Nd4 Qb6 13. Be3 Qa5 14. Qd2 Be7 15.
Be2 Nc6 16. Nxe6 fxe6 17. g4 Ne5 18. g5 Nfd7 19. O-O Nb6 20. Qd4 Nbc4 21. Bc1 b5
22. Bh5+ Kd7 23. Bf4 Bd8 24. Nd5 exd5 25. Qxd5 Qb6+ 26. Kh1 Rc5 27. Qd4 Be7 28.
b3 Rc6 29. Qc3 Na3 30. Qb2 Nxc2 31. Rad1 Ne3 32. Qxe5 Nxf1 33. Bg4+ Kd8 34. Qe6
Qb7 35. Rxf1 Rf8 36. Rf3 Qc7 37. Bd2 Rc1+ 38. Bxc1 Qxc1+ 39. Kg2 1/2-1/2

[Event "ch-ISR 2014"]
[Site "Beer-Sheva ISR"]
[Date "2014.06.25"]
[Round "8.9"]
[White "Gurbanov, Andrei"]
[Black "Mordechai, Hanan"]
[Result "1-0"]
[BlackTitle "FM"]
[WhiteElo "2329"]
[BlackElo "2314"]
[WhiteFideId "13503391"]
[BlackFideId "2804166"]
[EventDate "2014.05.17"]

1. d4 Nf6 2. c4 e6 3. Nf3 c5 4. d5 b5 5. dxe6 fxe6 6. cxb5 d5 7. e3 Nbd7 8. Be2
Bd6 9. O-O Bb7 10. Nbd2 O-O 11. b3 Qe8 12. Bb2 Qg6 13. Nc4 Bxh2+ 14. Nxh2 dxc4
15. f3 Nd5 16. Rf2 c3 17. Bc1 Ne5 18. a3 Rad8 19. Qf1 Qg3 20. Qe1 Ng6 21. Rf1
Qg5 22. Bc4 Nh4 23. Ra2 h5 24. Bxd5 exd5 25. Qxc3 Qe7 26. Rc2 Rc8 27. a4 Nf5 28.
Re1 Qh4 29. Qd2 d4 30. Qf2 Qf6 31. e4 Ne7 32. Ba3 Qb6 33. Rec1 Bxe4 34. Rxc5 Bg6
35. Qxd4 Rcd8 36. Qf2 Rfe8 37. Nf1 Nf5 38. Rc6 Qxf2+ 39. Kxf2 Bf7 40. Ra6 Nd4
41. Rxa7 Re2+ 42. Kg1 h4 43. Be7 h3 44. Bxd8 Rxg2+ 45. Kh1 Nxf3 46. Bb6 Bd5 47.
Rd7 Be4 48. Re7 Bd5 49. Rd1 Nd2 50. Ne3 Nf1 51. Rxf1 1-0

[Event "ch-ISR 2014"]
[Site "Beer-Sheva ISR"]
[Date "2014.06.25"]
[Round "8.10"]
[White "Ben Artzi, Ido"]
[Black "Lederer, Yoav"]
[Result "1-0"]
[WhiteTitle "FM"]
[WhiteElo "2359"]
[BlackElo "2298"]
[WhiteFideId "2810913"]
[BlackFideId "2800292"]
[EventDate "2014.05.17"]

1. d4 Nf6 2. c4 e6 3. Nc3 Bb4 4. e3 O-O 5. Bd3 b6 6. Nf3 Bb7 7. O-O c5 8. Bd2
cxd4 9. exd4 d5 10. cxd5 Nxd5 11. Qe2 Be7 12. Rfe1 Nd7 13. Rad1 N7f6 14. Ne5 Rc8
15. Bb1 Nxc3 16. bxc3 Qd5 17. f3 Rc7 18. Bg5 b5 19. Qd3 g6 20. h4 Rfc8 21. Rc1
a6 22. Qd2 Ne8 23. Bxe7 Rxe7 24. h5 Rec7 25. Re4 Qd8 26. Rg4 Nf6 27. hxg6 Nxg4
28. gxf7+ Kg7 29. fxg4 Qh4 30. Rf1 Rf8 31. Qf4 Re7 32. g3 Qh1+ 33. Kf2 Rexf7 34.
Nxf7 Rxf7 35. Qxf7+ Kxf7 36. Rxh1 Bxh1 37. Bxh7 Kf6 38. Ke3 Bd5 39. a3 Kg5 40.
Be4 Bc4 41. Bb7 a5 42. Ke4 Kxg4 43. Ke5 Kxg3 44. Bc8 Kf3 45. Bxe6 Ke3 46. Bxc4 1-0

[Event "ch-ISR 2014"]
[Site "Beer-Sheva ISR"]
[Date "2014.06.25"]
[Round "8.11"]
[White "Birnboim, Nathan"]
[Black "Reshef, Omer"]
[Result "1/2-1/2"]
[WhiteTitle "IM"]
[WhiteElo "2333"]
[BlackElo "2266"]
[WhiteFideId "2800209"]
[BlackFideId "2804336"]
[EventDate "2014.05.17"]

1. e3 d5 2. b3 Nf6 3. Bb2 g6 4. c4 Bg7 5. cxd5 O-O 6. Bxf6 Bxf6 7. Nc3 c6 8.
dxc6 Nxc6 9. Bb5 Bxc3 10. dxc3 Qa5 11. Bc4 Qxc3+ 12. Kf1 Rd8 13. Qe1 Qf6 14. Ne2
Ne5 15. Nf4 Nxc4 16. bxc4 Be6 17. Rc1 Rac8 18. Nxe6 Qxe6 19. Qb4 Rd7 20. h3 Rdc7
21. Ke2 Rxc4 22. Rxc4 Rxc4 23. Qb3 Qa6 24. Kf3 Ra4 25. Ra1 Qf6+ 26. Kg3 Ra5 27.
Rf1 Qd6+ 28. f4 Qa6 29. Rb1 Ra3 30. Qxb7 Rxe3+ 31. Kh2 Qxa2 32. Qc8+ Kg7 33. Rb8
Qf2 34. Qh8+ Kh6 35. Qf8+ Kh5 36. Rb5+ e5 37. Rxe5+ Rxe5 38. fxe5 Qf4+ 39. Kh1
Qf1+ 40. Kh2 Qf4+ 41. Kh1 a6 42. Qd6 a5 43. Qd5 Qc1+ 44. Kh2 Qc7 45. Qd6 Qc4 46.
Qd2 g5 47. Qxa5 Qf4+ 48. Kh1 Kg6 49. g4 Qf3+ 50. Kh2 Qf2+ 51. Kh1 Qf3+ 52. Kh2
Kg7 53. Qe1 Kf8 54. Qb4+ Kg7 55. Qd4 h6 56. e6+ Qf6 57. Qxf6+ Kxf6 58. exf7 Kxf7
59. h4 Kf6 60. hxg5+ hxg5 61. Kh1 Ke5 62. Kg1 Kf4 63. Kh1 Kf3 64. Kg1 Kxg4 65.
Kg2 Kf4 66. Kf2 g4 67. Kg2 g3 68. Kg1 Kg4 69. Kg2 Kh4 70. Kg1 Kh3 71. Kh1 g2+
72. Kg1 Kg3 1/2-1/2

[Event "ch-ISR 2014"]
[Site "Beer-Sheva ISR"]
[Date "2014.06.25"]
[Round "8.12"]
[White "Gamayev, Oleg"]
[Black "Frenkel, Ran"]
[Result "1-0"]
[WhiteElo "2166"]
[BlackElo "2174"]
[WhiteFideId "2802813"]
[BlackFideId "2815974"]
[EventDate "2014.05.17"]

1. d3 c5 2. e4 Nc6 3. Nf3 g6 4. Be2 Bg7 5. O-O Nf6 6. c3 O-O 7. a4 Qc7 8. Re1 d5
9. exd5 Nxd5 10. Bf1 Rd8 11. Qc2 Bf5 12. Nh4 Ndb4 13. cxb4 Nxb4 14. Qb3 Bxd3 15.
Bxd3 Nxd3 16. Rf1 Nxc1 17. Rxc1 Qf4 18. Rc4 Rd1+ 19. Qxd1 Qxc4 20. Nf3 Bxb2 21.
Nbd2 Qd5 22. Rb1 Bc3 23. Qb3 Qxb3 24. Rxb3 Bxd2 25. Nxd2 Rd8 26. Nf1 b6 27. Ne3
Rd4 28. a5 bxa5 29. Rb5 f5 30. g3 e5 31. Rxc5 f4 32. Nc2 Rd1+ 33. Kg2 Rc1 34.
gxf4 exf4 35. Kf3 a4 36. Rc4 g5 37. h3 h5 38. Ke4 Kf7 39. Kf5 Rg1 40. Rxa4 Rg2
41. Rxa7+ Ke8 42. Nd4 Rxf2 43. Ne6 Re2 44. Kf6 Rxe6+ 45. Kxe6 Kd8 46. Kf5 1-0

[Event "ch-ISR 2014"]
[Site "Beer-Sheva ISR"]
[Date "2014.06.25"]
[Round "8.13"]
[White "Poleg, Matan"]
[Black "Axelrod, Arie"]
[Result "1/2-1/2"]
[BlackTitle "FM"]
[WhiteElo "2125"]
[BlackElo "2305"]
[WhiteFideId "2811472"]
[BlackFideId "2804867"]
[EventDate "2014.05.17"]

1. d4 Nf6 2. c4 e6 3. Nf3 Bb4+ 4. Nbd2 d5 5. g3 O-O 6. Bg2 c6 7. O-O Nbd7 8. Qc2
b6 9. e4 Bb7 10. e5 Ne8 11. a3 Be7 12. b4 c5 13. dxc5 bxc5 14. Rb1 cxb4 15. axb4
Qc7 16. Re1 Rc8 17. c5 a5 18. bxa5 Nxc5 19. Nb3 Nxb3 20. Qxb3 Ba6 21. Ba3 Bc4
22. Qa4 Bxa3 23. Qxa3 Ra8 24. Ra1 Qa7 25. Nd2 Ba6 26. Rec1 Nc7 27. Qc5 Nb5 28.
Qxa7 Rxa7 29. Nb3 Rb8 30. Bf1 Nc7 31. Nd4 Rba8 32. Bxa6 Nxa6 33. Rab1 Kf8 34.
Rb6 Rc7 35. Rxc7 Nxc7 36. Rb7 Na6 37. Nb3 Rb8 38. Rxb8+ Nxb8 39. f4 Ke7 40. Kf2
Kd7 41. Ke3 Nc6 42. g4 Kc7 43. h4 Kb7 44. g5 Ka6 45. h5 Kb5 46. a6 Kxa6 47. Nc5+
Kb5 48. g6 hxg6 49. hxg6 fxg6 50. Nxe6 Kc4 51. Kd2 Ne7 52. Nxg7 Kd4 53. Ne6+ Ke4
54. Kc3 Ke3 55. Nc7 d4+ 56. Kc4 d3 57. Nb5 d2 58. Nc3 Kf2 59. e6 Ke3 60. Nd1+
Ke2 61. Nc3+ Ke1 62. Kd4 Kf1 63. Ke3 Ke1 64. Kd4 Nc6+ 65. Kc5 Ne7 66. Kd4 1/2-1/2

[Event "ch-ISR 2014"]
[Site "Beer-Sheva ISR"]
[Date "2014.06.25"]
[Round "8.14"]
[White "Horesh, Tal"]
[Black "Rinberg, Alexander"]
[Result "0-1"]
[BlackTitle "FM"]
[WhiteElo "2139"]
[BlackElo "2321"]
[WhiteFideId "2809451"]
[BlackFideId "14102510"]
[EventDate "2014.05.17"]

1. Nf3 c5 2. c4 Nf6 3. g3 b6 4. Bg2 Bb7 5. Nc3 g6 6. d3 Bg7 7. O-O O-O 8. e4 d6
9. Bd2 Nbd7 10. h3 e6 11. Qe2 a6 12. Ne1 Qc7 13. f4 Rad8 14. g4 b5 15. a4 b4 16.
Nd1 d5 17. e5 Ne8 18. Nf3 dxc4 19. dxc4 f6 20. exf6 Nexf6 21. Ng5 Bxg2 22. Qxg2
Rfe8 23. f5 exf5 24. gxf5 Nf8 25. Bf4 Qd7 26. Ne3 Nh5 27. Nd5 gxf5 28. Bc7 Rc8
29. Rae1 Ng6 30. Bg3 Nxg3 31. Qxg3 Rxe1 32. Rxe1 Re8 33. Rd1 Kh8 34. Qf3 Bd4+
35. Kh1 Qg7 36. Rf1 Bxb2 37. Qh5 Re5 38. Nf3 Re2 39. Qxf5 Ne7 40. Qg5 Qxg5 41.
Nxg5 Kg8 42. Nc7 Bd4 43. Nce6 Rf2 44. Rg1 Ng6 45. Rd1 b3 46. Nxd4 cxd4 47. Ne6
b2 48. Nxd4 Rd2 0-1

[Event "ch-ISR 2014"]
[Site "Beer-Sheva ISR"]
[Date "2014.06.25"]
[Round "8.15"]
[White "Eliagov, Kafar"]
[Black "Volman, Horacio"]
[Result "1-0"]
[WhiteTitle "FM"]
[WhiteElo "2268"]
[BlackElo "2203"]
[WhiteFideId "2804883"]
[BlackFideId "2800853"]
[EventDate "2014.05.17"]

1. d4 Nf6 2. Nf3 e6 3. Bg5 h6 4. Bh4 Be7 5. c4 d5 6. Nc3 O-O 7. e3 Ne4 8. Bxe7
Qxe7 9. Bd3 Nxc3 10. bxc3 Nd7 11. O-O dxc4 12. Bxc4 e5 13. Rb1 e4 14. Nd2 Nf6
15. f3 b6 16. Qb3 exf3 17. Rxf3 Bb7 18. e4 Nxe4 19. Nxe4 Qxe4 20. Rbf1 Kh8 21.
Bxf7 Rfd8 22. Qd1 c5 23. Re1 Qg4 24. d5 Qc4 25. Re5 Rd6 26. Qe1 Rdd8 27. Rh5
Bxd5 28. Rxh6+ gxh6 29. Qe5+ Kh7 30. Qf5+ Kg7 31. Qf6+ 1-0

[Event "ch-ISR 2014"]
[Site "Beer-Sheva ISR"]
[Date "2014.06.25"]
[Round "8.16"]
[White "Kraus, Yair"]
[Black "Tseitlin, Mark D"]
[Result "1/2-1/2"]
[BlackTitle "GM"]
[WhiteElo "2093"]
[BlackElo "2349"]
[WhiteFideId "2804786"]
[BlackFideId "2800128"]
[EventDate "2014.05.17"]

1. d4 Nf6 2. c4 g6 3. Nc3 d5 4. Bf4 Bg7 5. e3 O-O 6. Rc1 c5 7. dxc5 Be6 8. Nf3
Nc6 9. Be2 Ne4 10. Nd4 Nxc3 11. bxc3 Qa5 12. O-O Rad8 13. Qb3 Qxc5 14. Qxb7 Na5
15. Qc7 Rc8 16. Qxc5 Rxc5 17. Nxe6 fxe6 18. cxd5 exd5 19. Rfd1 Kf7 20. e4 dxe4
21. Be3 Rc7 22. c4 Nc6 23. Rb1 e5 24. Bc5 Nd4 25. Bxf8 Nxe2+ 26. Kf1 Nc3 27.
Bxg7 Kxg7 28. Rdc1 Nxb1 29. Rxb1 Kf6 30. Rc1 Ke6 31. Ke2 Rc5 32. Rc2 h5 33. h4
Kf5 34. Ke3 Kg4 35. g3 Kf5 36. Kd2 g5 37. hxg5 Kxg5 38. Ke2 Kg4 39. Ke3 Kf5 40.
Kd2 Kg4 41. Ke2 Kg5 1/2-1/2

[Event "ch-ISR 2014"]
[Site "Beer-Sheva ISR"]
[Date "2014.06.25"]
[Round "9.1"]
[White "Smirin, Ilia"]
[Black "Mikhalevski, Victor"]
[Result "1/2-1/2"]
[WhiteTitle "GM"]
[BlackTitle "GM"]
[WhiteElo "2660"]
[BlackElo "2519"]
[WhiteFideId "2801990"]
[BlackFideId "2801914"]
[EventDate "2014.05.17"]

1. e4 e5 2. Nf3 Nc6 3. Bb5 a6 4. Ba4 Nf6 5. Qe2 b5 6. Bb3 Bc5 7. c3 O-O 8. d3 h6
9. Nbd2 d5 10. h3 Be6 11. g4 Re8 12. Rg1 Nh7 13. exd5 Bxd5 14. Ne4 Bxb3 15. axb3
Be7 16. g5 hxg5 17. Nfxg5 Bxg5 18. Bxg5 f6 19. Bh6 Re7 20. O-O-O Kh8 21. Be3 Qd5
22. Nc5 f5 23. f3 Rae8 24. Qf2 Nd8 25. Rg6 f4 26. Bd2 Ne6 27. Rxe6 Rxe6 28. c4
Qd6 29. Nxe6 Rxe6 30. Qa7 Nf8 31. Ba5 c5 32. Bc7 Qc6 33. Re1 Nd7 34. Re4 b4 35.
Ba5 Nf6 36. Re1 Qxf3 37. Qxc5 Qxd3 38. Bxb4 Kh7 39. Rxe5 Rxe5 40. Qxe5 f3 41.
Bc5 Qf1+ 1/2-1/2

[Event "ch-ISR 2014"]
[Site "Beer-Sheva ISR"]
[Date "2014.06.25"]
[Round "9.2"]
[White "Huzman, Alexander"]
[Black "Postny, Evgeny"]
[Result "1-0"]
[WhiteTitle "GM"]
[BlackTitle "GM"]
[WhiteElo "2573"]
[BlackElo "2641"]
[WhiteFideId "2803828"]
[BlackFideId "2804344"]
[EventDate "2014.05.17"]

1. d4 d5 2. c4 c6 3. Nc3 dxc4 4. e4 b5 5. a4 b4 6. Na2 e6 7. Bxc4 Nf6 8. Bg5 Be7
9. Bxf6 Bxf6 10. Nf3 a5 11. O-O O-O 12. Nc1 Ba6 13. Bxa6 Nxa6 14. Nb3 c5 15. e5
Be7 16. Rc1 Qb6 17. Qd3 cxd4 18. Qxd4 Qxd4 19. Nfxd4 Bd8 20. Nc6 Nb8 21. g3 Nxc6
22. Rxc6 Re8 23. Rd1 f6 24. f4 fxe5 25. fxe5 Bg5 26. Kg2 Bd8 27. Kg1 Bg5 28. Kg2
Rf8 29. Rd3 h5 30. h4 Bh6 31. Nd4 Rac8 32. b3 Kh7 33. Rxc8 Rxc8 34. Nxe6 Rc3 35.
Rf3 Rc2+ 36. Kf1 Rd2 37. Nf8+ Kg8 38. e6 Rd1+ 39. Ke2 Rd2+ 40. Ke1 Rd4 41. Rf5
Re4+ 42. Kf2 Re3 43. Nd7 Rxe6 44. Rxh5 Rd6 45. Nc5 Rd2+ 46. Kf3 Rc2 47. g4 Rc3+
48. Ke4 g6 49. Rd5 Rh3 50. Nd3 Rxh4 51. Ne5 Bg7 52. Rxa5 Bxe5 53. Rxe5 Rh3 54.
Kd4 Rxb3 55. Kc4 Rg3 56. Kxb4 Rxg4+ 57. Kb5 Kg7 58. a5 Rf4 59. a6 Rf8 60. a7 Kh6
61. Kb6 g5 62. Ra5 Ra8 63. Kb7 Rxa7+ 64. Rxa7 Kh5 65. Kc6 Kg4 66. Kd5 Kf3 67.
Rf7+ Ke3 68. Rg7 Kf4 69. Kd4 1-0

[Event "ch-ISR 2014"]
[Site "Beer-Sheva ISR"]
[Date "2014.06.25"]
[Round "9.3"]
[White "Golod, Vitali"]
[Black "Roiz, Michael"]
[Result "1/2-1/2"]
[WhiteTitle "GM"]
[BlackTitle "GM"]
[WhiteElo "2559"]
[BlackElo "2589"]
[WhiteFideId "2804140"]
[BlackFideId "2804158"]
[EventDate "2014.05.17"]

1. d4 Nf6 2. c4 e6 3. Nc3 Bb4 4. Qc2 O-O 5. a3 Bxc3+ 6. Qxc3 d5 7. Bg5 dxc4 8.
Qxc4 b6 9. Rd1 Ba6 10. Qa4 Qd7 11. Qc2 Qc6 12. Qxc6 Nxc6 13. Bxf6 gxf6 14. Nf3
Ne7 15. e3 Bb7 16. Rc1 Ba6 17. Rd1 Bb7 18. Rc1 Rfc8 19. Bd3 c5 20. dxc5 bxc5 21.
Ke2 Rab8 22. Rc2 c4 23. Rxc4 Rxc4 24. Bxc4 Bxf3+ 25. Kxf3 Rxb2 26. g4 Rc2 27.
Bb5 Rb2 28. Bc4 Rc2 1/2-1/2

[Event "ch-ISR 2014"]
[Site "Beer-Sheva ISR"]
[Date "2014.06.25"]
[Round "9.4"]
[White "Zoler, Dan"]
[Black "Kantarji, Pinchas"]
[Result "1/2-1/2"]
[WhiteTitle "GM"]
[BlackTitle "FM"]
[WhiteElo "2503"]
[BlackElo "2417"]
[WhiteFideId "2800705"]
[BlackFideId "2803712"]
[EventDate "2014.05.17"]

1. d4 d5 2. c4 c6 3. Nf3 Nf6 4. Nc3 e6 5. e3 Nbd7 6. Qc2 Bd6 7. Be2 O-O 8. O-O
dxc4 9. Bxc4 b5 10. Be2 Bb7 11. Rd1 Qc7 12. Bd2 a6 13. b4 e5 14. Rac1 Rfe8 15.
h3 exd4 16. exd4 Qd8 17. a3 a5 18. Rb1 axb4 19. axb4 Qe7 20. Re1 Qf8 21. d5 Bxb4
22. dxc6 Bxc6 23. Nd4 Bxc3 24. Qxc3 Be4 25. Rxb5 Nd5 26. Qg3 Ra4 27. Nb3 N7f6
28. Bf1 Raa8 29. f3 Bc2 30. Rc1 Rac8 31. Nd4 Ba4 32. Rxc8 Bxb5 33. Rxe8 Bxe8 34.
Kh2 Bd7 35. Qe5 Qe8 36. Qxe8+ Nxe8 37. g4 h6 38. Kg3 Ndf6 39. Bb4 Nd5 40. Ba3
Nec7 41. Bc4 Ne3 42. Bb3 Nb5 43. Bc5 Nxd4 44. Bxd4 Nf1+ 45. Kf2 Nd2 46. Bd5 Be6
47. Bc6 Nc4 48. f4 g6 49. Bf6 Nb6 50. Kg3 Bd5 51. Bb5 Bc4 52. Bc6 Bd5 53. Bb5
Bc4 54. Bc6 1/2-1/2

[Event "ch-ISR 2014"]
[Site "Beer-Sheva ISR"]
[Date "2014.06.25"]
[Round "9.5"]
[White "Baron, Tal"]
[Black "Kantsler, Boris"]
[Result "1-0"]
[WhiteTitle "GM"]
[BlackTitle "GM"]
[WhiteElo "2515"]
[BlackElo "2420"]
[WhiteFideId "2809958"]
[BlackFideId "2805359"]
[EventDate "2014.05.17"]

1. d4 d6 2. e4 Nf6 3. Nc3 e5 4. Nf3 Nbd7 5. Bc4 Be7 6. a4 O-O 7. O-O a5 8. h3 c6
9. Re1 Qc7 10. Be3 b6 11. Nh4 Re8 12. Nf5 Bf8 13. Ba2 Bb7 14. dxe5 Nxe5 15. Bg5
Nfd7 16. Qd2 g6 17. Nh6+ Kg7 18. f4 f6 19. fxe5 fxg5 20. Nf5+ Kh8 21. Nxd6 Nxe5
22. Nxe8 Rxe8 23. Qxg5 Bg7 24. Rad1 h6 25. Qg3 Ba6 26. Ne2 Bxe2 27. Rxe2 Qe7 28.
Kh1 Kh7 29. Qb3 Rb8 30. Red2 Qh4 31. Qe3 Qe7 32. Rd6 Qh4 33. Qe1 Qg5 34. Qd2 Qg3
35. Rf1 Qh4 36. Qf4 Qe7 37. Re6 Qc5 38. Rxg6 Rf8 39. Rxg7+ Kxg7 40. Qg3+ Ng6 41.
Rxf8 Qxf8 42. Qc7+ Ne7 43. Qxb6 Qf1+ 44. Qg1 Qf4 45. Qd4+ Kh7 46. Bc4 h5 47. Qc5
Qc1+ 48. Kh2 Qf4+ 49. Kg1 Qc1+ 50. Bf1 Ng6 51. Qxh5+ Kg7 52. Qxa5 Qe3+ 53. Kh1
Qc1 54. Qc3+ Kh7 55. Kg1 Nf4 56. Qf3 Ng6 57. e5 Qe1 58. Qf2 Qxe5 59. Bd3 Kg7 60.
Bxg6 Kxg6 61. c3 Qd5 62. Kh2 1-0

[Event "ch-ISR 2014"]
[Site "Beer-Sheva ISR"]
[Date "2014.06.25"]
[Round "9.6"]
[White "Gurbanov, Andrei"]
[Black "Givon, Asaf"]
[Result "0-1"]
[BlackTitle "IM"]
[WhiteElo "2329"]
[BlackElo "2459"]
[WhiteFideId "13503391"]
[BlackFideId "2801841"]
[EventDate "2014.05.17"]

1. d4 Nf6 2. c4 g6 3. Nc3 d5 4. Bf4 Bg7 5. e3 O-O 6. Rc1 Be6 7. Qb3 c5 8. Qxb7
Qb6 9. Qxb6 axb6 10. Nf3 dxc4 11. dxc5 bxc5 12. Ng5 Bd5 13. e4 Bb7 14. Bxc4 h6
15. Nf3 Nxe4 16. O-O Nxc3 17. bxc3 Bxf3 18. gxf3 Ra4 19. Bxb8 Rxc4 20. Bg3 f5
21. Bc7 Rc8 22. Bb6 Kf7 23. Rfd1 Rc6 24. Bd8 Ke8 25. Rb1 Be5 26. Rb7 Re6 27. Ba5
Ra4 28. Rb5 Bd6 29. Rd2 Rh4 0-1

[Event "ch-ISR 2014"]
[Site "Beer-Sheva ISR"]
[Date "2014.06.25"]
[Round "9.7"]
[White "Ben Artzi, Ido"]
[Black "Bakalchuk, Johnatan"]
[Result "1-0"]
[WhiteTitle "FM"]
[WhiteElo "2359"]
[BlackElo "2244"]
[WhiteFideId "2810913"]
[BlackFideId "2810301"]
[EventDate "2014.05.17"]

1. d4 Nf6 2. c4 g6 3. Nc3 Bg7 4. e4 d6 5. f3 O-O 6. Be3 Nc6 7. Nge2 a6 8. Qd2
Na5 9. Nc1 Nd7 10. Rb1 f5 11. h4 Nf6 12. Bd3 Nh5 13. N1e2 b5 14. cxb5 axb5 15.
Bxb5 Bd7 16. Bd3 Kh8 17. b4 Nc6 18. b5 Na5 19. Bg5 c6 20. a4 Qe8 21. bxc6 Nxc6
22. Nd5 Rxa4 23. Bb5 Rxd4 24. Nxd4 Nxd4 25. Bxd7 Qxd7 26. Bxe7 Re8 27. O-O h6
28. Bf6 Nxf6 29. Qxd4 Nxe4 30. Qd3 Nc5 31. Qb5 Qf7 32. Qc6 Bd4+ 33. Kh2 Re5 34.
Rb8+ Kg7 35. Qc8 Re8 36. Qxe8 Qxd5 37. Qh8+ Kf7 38. Qg8+ 1-0

[Event "ch-ISR 2014"]
[Site "Beer-Sheva ISR"]
[Date "2014.06.25"]
[Round "9.8"]
[White "Arlinsky, Uriel"]
[Black "Gamayev, Oleg"]
[Result "1-0"]
[WhiteTitle "FM"]
[WhiteElo "2314"]
[BlackElo "2166"]
[WhiteFideId "2809575"]
[BlackFideId "2802813"]
[EventDate "2014.05.17"]

1. c4 d6 2. Nc3 e5 3. g3 Nf6 4. Bg2 Be7 5. d4 c6 6. e3 O-O 7. Nge2 a5 8. O-O Re8
9. h3 Nbd7 10. b3 Bf8 11. Bb2 exd4 12. exd4 g6 13. g4 Nb6 14. Ng3 a4 15. g5 Nfd7
16. h4 axb3 17. axb3 Rxa1 18. Bxa1 Bg7 19. Nce4 d5 20. Nd6 Rf8 21. c5 Na8 22.
Re1 Nc7 23. Bh3 f5 24. Qe2 b6 25. b4 Ba6 26. Qe7 bxc5 27. bxc5 Bd3 28. f3 Nb8
29. Bf1 Bxf1 30. Kxf1 Qxe7 31. Rxe7 Nba6 32. Ne2 Rb8 33. Bc3 Bf8 34. Rd7 Ne6 35.
Ra7 Nac7 36. Ba5 Rb1+ 37. Kf2 Ra1 38. Rxc7 Ra2 39. Ne8 Nxc7 40. Bxc7 Kf7 41. Nf6
h6 42. Nd7 hxg5 43. hxg5 Be7 44. Bf4 Bf8 45. Ne5+ 1-0

[Event "ch-ISR 2014"]
[Site "Beer-Sheva ISR"]
[Date "2014.06.25"]
[Round "9.9"]
[White "Zanan, Evgeny"]
[Black "Birnboim, Nathan"]
[Result "0-1"]
[WhiteTitle "FM"]
[BlackTitle "IM"]
[WhiteElo "2257"]
[BlackElo "2333"]
[WhiteFideId "24101940"]
[BlackFideId "2800209"]
[EventDate "2014.05.17"]

1. d4 d5 2. c4 e6 3. Nf3 Nf6 4. g3 Bb4+ 5. Bd2 Bd6 6. Bg2 c6 7. Qc2 O-O 8. Bg5
Nbd7 9. Nbd2 h6 10. Bxf6 Nxf6 11. O-O b6 12. e4 dxe4 13. Nxe4 Nxe4 14. Qxe4 Bb7
15. Ne5 Rc8 16. Rac1 Qe7 17. Nd3 Ba6 18. Rfe1 Rfe8 19. Bh3 Rc7 20. Re3 Kh8 21.
a3 c5 22. d5 Bb7 23. Rce1 Qf6 24. Qg4 Rce7 25. Rf3 Qd4 26. Re4 f5 27. Rxd4 fxg4
28. Rxg4 exd5 29. Nf4 Re1+ 30. Bf1 dxc4 31. Ng6+ Kh7 32. Rf7 Bc8 0-1

[Event "ch-ISR 2014"]
[Site "Beer-Sheva ISR"]
[Date "2014.06.25"]
[Round "9.10"]
[White "Nakar, Eylon"]
[Black "Poleg, Matan"]
[Result "0-1"]
[WhiteTitle "IM"]
[WhiteElo "2442"]
[BlackElo "2125"]
[WhiteFideId "2811111"]
[BlackFideId "2811472"]
[EventDate "2014.05.17"]

1. c4 Nf6 2. Nf3 b6 3. g3 c5 4. Bg2 Bb7 5. O-O e6 6. b3 Be7 7. Bb2 O-O 8. Nc3 d5
9. e3 dxc4 10. bxc4 Nc6 11. Qe2 Qc7 12. Nb5 Qc8 13. Rfd1 a6 14. Nc3 Qc7 15. Rab1
Rab8 16. Ba1 Rfd8 17. d3 Na7 18. a3 Ba8 19. e4 Nc6 20. e5 Nd7 21. Na2 b5 22. h4
Qa5 23. Bb2 b4 24. Qe1 bxa3 25. Qxa5 Nxa5 26. Bxa3 Bxf3 27. Bxf3 Nxe5 28. Be2
Rxb1 29. Rxb1 Nxd3 30. Rd1 Nxc4 31. Rxd3 Rxd3 32. Bxd3 Nxa3 33. Bxa6 Nc2 34. Kf1
Nb4 35. Bc4 h5 36. Kg2 Nd5 37. Nc1 Nb6 38. Be2 g6 39. Kf3 Bf6 40. Nb3 c4 41. Nc5
c3 42. Nb3 Nd5 43. Bf1 Kf8 44. Ke2 Nb4 45. Bg2 Ke7 46. Be4 Kd6 47. Ke3 Bg7 48.
Ke2 f5 49. Bb7 e5 50. Kd1 e4 51. Bc8 Nd3 52. Ba6 Nxf2+ 53. Ke2 Nd3 54. Bxd3
exd3+ 55. Kxd3 Be5 0-1